| 000 | 00571nam a2200181Ia 4500 | ||
|---|---|---|---|
| 008 | 140925s9999 xx 000 0 und d | ||
| 020 | _a1468-0300 | ||
| 100 | _aDalmazzo, Alberto. | ||
| 245 |
_aEconomic Notes / _cAlberto Dalmazzo. _h[electronic resource] |
||
| 260 |
_bJohn Wiley & Sons, Inc., _cc1999. |
||
| 516 | _aElectronic text | ||
| 650 | _aEconomics. | ||
| 650 | _aFinancial Management. | ||
| 830 | _aJohn Wiley & Sons, Inc. | ||
| 856 | _uhttp://onlinelibrary.wiley.com/journal/10.1111/%28ISSN%291468-0300 | ||
| 942 | _cEJ | ||
| 999 |
_c275641 _d275641 |
||